000 00717nam a2200217Ia 4500
003 BUBTL
008 151213s9999 xx 000 0 und d
020 _a0-7863-0353-0
082 _a658.812/ALK
100 _aJames A.Aleyasder & Micheel C.Lyons
_92546
245 _aThe Knowledge Based Organization :For Steps to Increasing Sales Profits & Market Share
_cJames A.Aleyasder & Micheel C.Lyons
260 _aChicago
_bIrwin
_c1995
300 _a[xv],139p.:
_b23cm.
_cMarketing.
500 _aIncludes Index.
650 0 _aMarketing
_953
650 0 _aMarketing
_953
700 _aJames A.Aleyasder & Micheel C.Lyons
_92546
856 _k0
_l0
_yDownload
942 _2ddc
_cBK
999 _c1949
_d1949